LEADER 01343nam 2200445 450 001 9910467216203321 005 20200520144314.0 010 $a93-85059-88-2 035 $a(CKB)4100000009038685 035 $a(MiAaPQ)EBC5850070 035 $a(Au-PeEL)EBL5850070 035 $a(OCoLC)1112424681 035 $a(EXLCZ)994100000009038685 100 $a20190913d2018 uy 0 101 0 $aeng 135 $aurcnu|||||||| 181 $ctxt$2rdacontent 182 $cc$2rdamedia 183 $acr$2rdacarrier 200 10$aTheory of structure and mechanics of yarns /$fBohuslav Necka?r? and Dipayan Das 210 1$aNew Delhi, India :$cWoodhead Publishing India Pvt. Ltd.,$d[2018] 210 4$dİ2018 215 $a1 online resource (731 pages) 225 1 $aWoodhead Publishing India in textiles 300 $aIncludes index. 311 $a93-85059-40-8 410 0$aWoodhead Publishing India in textiles. 606 $aTextile fabrics$xTesting 608 $aElectronic books. 615 0$aTextile fabrics$xTesting. 676 $a677.0287 700 $aNecka?r?$b Bohuslav$0921238 702 $aDas$b Dipayan 801 0$bMiAaPQ 801 1$bMiAaPQ 801 2$bMiAaPQ 906 $aBOOK 912 $a9910467216203321 996 $aTheory of structure and mechanics of yarns$92083132 997 $aUNINA LEADER 01454oam 2200469zu 450 001 996217184203316 005 20210807001440.0 010 $a1-4244-7562-7 035 $a(CKB)2670000000033681 035 $a(SSID)ssj0000452576 035 $a(PQKBManifestationID)12168509 035 $a(PQKBTitleCode)TC0000452576 035 $a(PQKBWorkID)10471618 035 $a(PQKB)11617433 035 $a(NjHacI)992670000000033681 035 $a(EXLCZ)992670000000033681 100 $a20160829d2010 uy 101 0 $aeng 135 $aur||||||||||| 181 $ctxt 182 $cc 183 $acr 200 10$a2010 3rd International Conference on Human System Interactions 210 31$a[Place of publication not identified]$cI E E E$d2010 215 $a1 online resource 300 $aBibliographic Level Mode of Issuance: Monograph 311 $a1-4244-7560-0 606 $aRobotics 606 $aHuman-machine systems$vCongresses 606 $aComputer software$xHuman factors$vCongresses 606 $aHuman-computer interaction$vCongresses 615 0$aRobotics. 615 0$aHuman-machine systems 615 0$aComputer software$xHuman factors 615 0$aHuman-computer interaction 676 $a004.019 702 $aIEEE Staff 801 0$bPQKB 906 $aPROCEEDING 912 $a996217184203316 996 $a2010 3rd International Conference on Human System Interactions$92505162 997 $aUNISA